[Event "Islington op 8th Evening Standard"]
[Site "London"]
[Date "1972.12.15"]
[Round "1"]
[White "Adaway, William GL"]
[Black "Dickson, George A"]
[Result "1-0"]
[WhiteElo "2144"]
[BlackElo "2176"]
[PlyCount "67"]
[EventDate "1972.12.15"]
[EventType "swiss"]
[EventRounds "6"]
[EventCountry "ENG"]
[SourceTitle "BritBase"]
[Source "John Saunders"]
[SourceDate "2023.12.16"]
[SourceVersion "1"]
[SourceVersionDate "2023.12.16"]
[SourceQuality "1"]

1. e4 e5 2. Nf3 Nc6 3. Bb5 a6 4. Ba4 Nf6 5. O-O Be7 6. Bxc6 dxc6 7. Nc3 Bg4 8.
h3 Bxf3 9. Qxf3 Qd7 10. d3 O-O-O 11. Qe2 g5 12. Bxg5 Rdg8 13. f4 exf4 14. Bxf6
Bxf6 15. Rxf4 Be5 16. Rf5 f6 17. Raf1 Rg6 18. Nd1 Rhg8 19. g4 Rg5 20. c3 c5 21.
Rxg5 Rxg5 22. Rf5 Rg7 23. Ne3 Qa4 24. a3 b5 25. Qf3 Rd7 26. Nd5 Qc2 27. Qf2
Qxd3 28. Qxc5 Qg3+ 29. Kf1 Qxh3+ 30. Ke1 Qxg4 31. Rxe5 Qg3+ 32. Ke2 Qxe5 33.
Nb6+ Kb7 34. Qxe5 1-0

[Event "Islington op 8th Evening Standard"]
[Site "London"]
[Date "1972.12.15"]
[Round "1"]
[White "Ashby, Alan Peter"]
[Black "Argyris, Nicholas J C"]
[Result "1-0"]
[WhiteElo "2080"]
[BlackElo "2144"]
[PlyCount "93"]
[EventDate "1972.12.15"]
[EventType "swiss"]
[EventRounds "6"]
[EventCountry "ENG"]
[SourceTitle "BritBase"]
[Source "John Saunders"]
[SourceDate "2023.12.16"]
[SourceVersion "1"]
[SourceVersionDate "2023.12.16"]
[SourceQuality "1"]

1. e4 c5 2. Nf3 Nc6 3. d4 cxd4 4. Nxd4 Nf6 5. Nc3 d6 6. Bc4 e6 7. Be3 Be7 8.
Qe2 a6 9. Bb3 Qc7 10. O-O-O O-O 11. g4 Nxd4 12. Rxd4 b5 13. g5 Nd7 14. Qh5 Rd8
15. f4 Nc5 16. f5 Nxb3+ 17. axb3 Bb7 18. Rf1 g6 19. Qg4 exf5 20. exf5 Rac8 21.
Rdf4 Qd7 22. Bb6 Rf8 23. fxg6 Qxg4 24. gxh7+ Kxh7 25. Rxg4 Kg6 26. h4 Rh8 27.
Bd4 Rhe8 28. Rgf4 b4 29. Nd1 Bd5 30. Kb1 Bd8 31. Ne3 Be6 32. Rh1 d5 33. Rhf1
Kh5 34. R1f2 Rc6 35. Nf1 Kg6 36. Ng3 f5 37. gxf6 Bc7 38. f7 Bxf7 39. Rf6+ Rxf6
40. Rxf6+ Kg7 41. Nf5+ Kf8 42. Bc5+ Kg8 43. Nh6+ Kg7 44. Rxf7+ Kxh6 45. Rxc7
Re1+ 46. Ka2 Kh5 47. Bxb4 {Source: Alan Ashby games collection (Bristol &
District Chess League website - https://www.chessit.co.uk/Databases/
Html%20Files/Alan%20Ashby.htm)} 1-0

[Event "Islington op 8th Evening Standard"]
[Site "London"]
[Date "1972.12.15"]
[Round "1"]
[White "Batchelor, Roy A"]
[Black "Van der Weide, Piet"]
[Result "0-1"]
[WhiteElo "2120"]
[BlackElo "2310"]
[PlyCount "84"]
[EventDate "1972.12.15"]
[EventType "swiss"]
[EventRounds "6"]
[EventCountry "ENG"]
[SourceTitle "BritBase"]
[Source "John Saunders"]
[SourceDate "2023.12.16"]
[SourceVersion "1"]
[SourceVersionDate "2023.12.16"]
[SourceQuality "1"]

1. c4 f5 2. Nc3 Nf6 3. Nf3 d6 4. d4 g6 5. e3 Bg7 6. Bd3 Nc6 7. O-O O-O 8. d5
Ne5 9. Nxe5 dxe5 10. f3 e6 11. Qc2 Nh5 12. Bd2 a6 13. Rad1 Qe7 14. dxe6 Bxe6
15. Nd5 Qd8 16. Bb4 Rf7 17. e4 c6 18. exf5 gxf5 19. Ne7+ Rxe7 20. Bxe7 Qxe7 21.
Bxf5 Nf6 22. Rfe1 Qc5+ 23. Kh1 Qxc4 24. Qxc4 Bxc4 25. b3 Bd5 26. Rxe5 Kf7 27.
Rde1 Bf8 28. Be6+ Bxe6 29. Rxe6 Nd5 30. R6e4 a5 31. a4 Ra6 32. Rh4 h6 33. Rc4
Rb6 34. Rb1 Bg7 35. Rc5 Nc3 36. Re1 Nd5 37. Rb1 Nc3 38. Re1 Rxb3 39. Rxa5 Nd5
40. Rc5 Ra3 41. Rc4 Bc3 42. Rc1 Bb4 0-1

[Event "Islington op 8th Evening Standard"]
[Site "London"]
[Date "1972.12.15"]
[Round "1"]
[White "Bellin, Robert"]
[Black "Lemon, Richard C"]
[Result "1-0"]
[WhiteElo "2328"]
[BlackElo "2232"]
[PlyCount "96"]
[EventDate "1972.12.15"]
[EventType "swiss"]
[EventRounds "6"]
[EventCountry "ENG"]
[SourceTitle "BritBase"]
[Source "John Saunders"]
[SourceDate "2023.12.16"]
[SourceVersion "1"]
[SourceVersionDate "2023.12.16"]
[SourceQuality "1"]

1. e4 e6 2. d4 d5 3. Nd2 Nf6 4. e5 Nfd7 5. f4 c5 6. c3 Nc6 7. Ndf3 f5 8. h3 Be7
9. Kf2 b6 10. Be3 Bb7 11. Bd3 Qc7 12. Ne2 O-O-O 13. b3 Kb8 14. Qd2 h6 15. g4 g6
16. Rhg1 Rdg8 17. Rg3 Qd8 18. g5 h5 19. Rgg1 Qf8 20. a3 Qf7 21. Qb2 Rc8 22. b4
c4 23. Bc2 Kc7 24. Ba4 Ndb8 25. Qa2 Nd8 26. b5 Ba8 27. Bd1 Nb7 28. a4 Na5 29.
Bc1 Bb7 30. Ba3 Rcd8 31. Bb4 Bc8 32. Qa3 Rh7 33. Nh4 Rg8 34. Ng3 Bd7 35. Bxe7
Qxe7 36. Qxe7 Rxe7 37. Nxg6 Rxg6 38. Nxh5 Rh7 39. Rh1 Nb3 40. Ra2 Nc1 41. Rd2
Nd3+ 42. Kg3 Be8 43. Nf6 Rxf6 44. exf6 Nd7 45. Be2 Bh5 46. Bxd3 cxd3 47. Rxd3
Kd8 48. Re3 Nf8 {Source: CHESS, January 1973, Vol.38/665-6, p119} 1-0

[Event "Islington op 8th Evening Standard"]
[Site "London"]
[Date "1972.12.15"]
[Round "1"]
[White "De Villiers, Charles"]
[Black "Webb, Simon"]
[Result "0-1"]
[WhiteElo "2200"]
[BlackElo "2336"]
[PlyCount "76"]
[EventDate "1972.12.15"]
[EventType "swiss"]
[EventRounds "6"]
[EventCountry "ENG"]
[SourceTitle "BritBase"]
[Source "John Saunders"]
[SourceDate "2023.12.16"]
[SourceVersion "1"]
[SourceVersionDate "2023.12.16"]
[SourceQuality "1"]

1. Nf3 c5 2. b3 d5 3. Bb2 f6 4. c4 d4 5. g3 e5 6. d3 Bd6 7. Bg2 Nc6 8. e4 Nge7
9. O-O O-O 10. Nbd2 Bg4 11. a3 Qd7 12. Qc2 Kh8 13. Rfb1 Rab8 14. Bc1 b6 15. Rb2
a6 16. Qb1 b5 17. b4 cxb4 18. axb4 bxc4 19. Nxc4 Nxb4 20. Bd2 Nec6 21. Ra4 a5
22. Nxa5 Na6 23. Nxc6 Qxc6 24. Rc4 Bc5 25. Rcc2 Qa4 26. Qa2 Qxa2 27. Rxa2 Nb4
28. Bxb4 Bxb4 29. Ra7 Bc3 30. Rc1 Rb3 31. h3 Bh5 32. g4 Be8 33. Nh4 g6 34. g5
Bb5 35. Rb7 Rb2 36. Rd1 Ba4 37. Rxb2 Bxd1 38. Rb7 fxg5 0-1

[Event "Islington op 8th Evening Standard"]
[Site "London"]
[Date "1972.12.15"]
[Round "1"]
[White "Farley, Ronald JM"]
[Black "Parr, David"]
[Result "0-1"]
[WhiteElo "2080"]
[BlackElo "2152"]
[PlyCount "72"]
[EventDate "1972.12.15"]
[EventType "swiss"]
[EventRounds "6"]
[EventCountry "ENG"]
[SourceTitle "BritBase"]
[Source "John Saunders"]
[SourceDate "2023.12.16"]
[SourceVersion "1"]
[SourceVersionDate "2023.12.16"]
[SourceQuality "1"]

1. e4 c5 2. Nf3 d6 3. d4 cxd4 4. Nxd4 Nf6 5. Nc3 a6 6. Bg5 e6 7. f4 b5 8. e5
dxe5 9. fxe5 Qc7 10. exf6 Qe5+ 11. Be2 Qxg5 12. O-O Ra7 13. Kh1 Rd7 14. Bd3
Rxd4 15. Bxb5+ axb5 16. Qxd4 Bb7 17. Ne4 Qd5 18. Qxd5 Bxd5 19. fxg7 Bxg7 20.
Nd6+ Ke7 21. Rxf7+ Kxd6 22. Rxg7 Nd7 23. Rd1 Ne5 24. h4 Nc4 25. b3 Ne3 26. Rd2
h5 27. a4 bxa4 28. c4 axb3 29. cxd5 exd5 30. Rb2 Rb8 31. Rg3 d4 32. Kg1 Kc5 33.
Rg7 Kc4 34. Rc7+ Kd3 35. Rc1 Nc4 36. Rf2 b2 0-1

[Event "Islington op 8th Evening Standard"]
[Site "London"]
[Date "1972.12.15"]
[Round "1"]
[White "Hutchinson, Norman A"]
[Black "Lister, David I"]
[Result "1-0"]
[WhiteElo "2120"]
[BlackElo "2088"]
[PlyCount "51"]
[EventDate "1972.12.15"]
[EventType "swiss"]
[EventRounds "6"]
[EventCountry "ENG"]
[SourceTitle "BritBase"]
[Source "John Saunders"]
[SourceDate "2023.12.16"]
[SourceVersion "1"]
[SourceVersionDate "2023.12.16"]
[SourceQuality "1"]

1. e4 c6 2. Nc3 d5 3. d4 g6 4. Nf3 Bg7 5. Be3 Bg4 6. Be2 e6 7. O-O Nd7 8. exd5
exd5 9. h3 Bxf3 10. Bxf3 Ne7 11. Re1 O-O 12. Bg5 Nf6 13. Qd2 Re8 14. Na4 b6 15.
g4 Qd6 16. Re2 Rac8 17. Rae1 Kf8 18. Bf4 Qd7 19. g5 Nfg8 20. Bg4 Nf5 21. Qb4+
c5 22. dxc5 Rxe2 23. Rxe2 Nge7 24. cxb6 Rc4 25. Bxf5 gxf5 26. Qd6 1-0

[Event "Islington op 8th Evening Standard"]
[Site "London"]
[Date "1972.12.15"]
[Round "1"]
[White "James, David J"]
[Black "Shepstone, Andrew P"]
[Result "1/2-1/2"]
[WhiteElo "2168"]
[BlackElo "2112"]
[PlyCount "79"]
[EventDate "1972.12.15"]
[EventType "swiss"]
[EventRounds "6"]
[EventCountry "ENG"]
[SourceTitle "BritBase"]
[Source "John Saunders"]
[SourceDate "2023.12.16"]
[SourceVersion "1"]
[SourceVersionDate "2023.12.16"]
[SourceQuality "1"]

1. d4 Nf6 2. c4 c5 3. d5 e6 4. Nc3 exd5 5. cxd5 d6 6. e4 g6 7. Nf3 Bg7 8. Be2
O-O 9. O-O Re8 10. Nd2 Na6 11. f3 Nc7 12. a4 Nd7 13. Nc4 Ne5 14. Ne3 f5 15.
exf5 gxf5 16. f4 Nf7 17. Bd3 Qf6 18. Rf3 Bd7 19. Bd2 Nh6 20. Rh3 Qd4 21. Qc2
Ng4 22. Ne2 Nxe3 23. Bxe3 Qxb2 24. Qxb2 Bxb2 25. Rb1 Bf6 26. Rxb7 Nxd5 27. Rxd7
Nxe3 28. Rhxh7 c4 29. Bb1 Rab8 30. Rb7 Rxb7 31. Rxb7 d5 32. Ba2 Nd1 33. Kf1
Rxe2 34. Kxe2 Nc3+ 35. Kd2 Nxa2 36. a5 d4 37. a6 d3 38. Rxa7 Nb4 39. Rc7 c3+
40. Rxc3 1/2-1/2

[Event "Islington op 8th Evening Standard"]
[Site "London"]
[Date "1972.12.15"]
[Round "1"]
[White "James, Geoffrey H"]
[Black "MacGrillen, Hugh"]
[Result "1-0"]
[WhiteElo "2232"]
[BlackElo "2328"]
[PlyCount "59"]
[EventDate "1972.12.15"]
[EventType "swiss"]
[EventRounds "6"]
[EventCountry "ENG"]
[SourceTitle "BritBase"]
[Source "John Saunders"]
[SourceDate "2023.12.16"]
[SourceVersion "1"]
[SourceVersionDate "2023.12.16"]
[SourceQuality "1"]

1. e4 g6 2. d4 Bg7 3. Nf3 d6 4. Bc4 c6 5. Bb3 Nf6 6. Qe2 O-O 7. O-O b5 8. e5
Ne8 9. Re1 Nc7 10. exd6 exd6 11. Bg5 Qd7 12. Nbd2 Ne6 13. c3 Na6 14. Qe3 Nxg5
15. Nxg5 h6 16. Nh3 c5 17. dxc5 dxc5 18. Rad1 Bb7 19. Ne4 Qc7 20. Nd6 c4 21.
Bc2 Bc6 22. Nf4 Rad8 23. Ne6 fxe6 24. Qxe6+ Kh8 25. Qxg6 Bf6 26. Qxh6+ Kg8 27.
Re3 Rxd6 28. Rxd6 Bg7 29. Qh7+ Kf7 30. Bg6# 1-0

[Event "Islington op 8th Evening Standard"]
[Site "London"]
[Date "1972.12.15"]
[Round "1"]
[White "Lea, Edward G"]
[Black "Ozbilen, Hayri"]
[Result "1-0"]
[WhiteElo "1968"]
[BlackElo "2080"]
[PlyCount "61"]
[EventDate "1972.12.15"]
[EventType "swiss"]
[EventRounds "6"]
[EventCountry "ENG"]
[SourceTitle "BritBase"]
[Source "John Saunders"]
[SourceDate "2023.12.16"]
[SourceVersion "1"]
[SourceVersionDate "2023.12.16"]
[SourceQuality "1"]

1. e4 e6 2. d4 d5 3. Nc3 Bb4 4. exd5 exd5 5. Qf3 Nf6 6. Bg5 Nbd7 7. Bd3 h6 8.
Bh4 O-O 9. Nge2 Re8 10. O-O-O Be7 11. g4 c6 12. Rdg1 Ne4 13. Bxe7 Qxe7 14. h4
g6 15. g5 h5 16. Nf4 Nxc3 17. bxc3 Qa3+ 18. Kd2 Kg7 19. Re1 Rh8 20. Nxg6 fxg6
21. Re6 Nf8 22. Rxg6+ Nxg6 23. Qf6+ Kg8 24. Qxg6+ Kf8 25. Qf6+ Kg8 26. Re1 Bf5
27. Bxf5 Qf8 28. Be6+ Kh7 29. Bf7 Rg8 30. Re7 b5 31. Bg6# 1-0

[Event "Islington op 8th Evening Standard"]
[Site "London"]
[Date "1972.12.15"]
[Round "1"]
[White "Littlewood, Norman"]
[Black "Century, Jonathan Isaac"]
[Result "1-0"]
[WhiteElo "2328"]
[BlackElo "2280"]
[PlyCount "35"]
[EventDate "1972.12.15"]
[EventType "swiss"]
[EventRounds "6"]
[EventCountry "ENG"]
[SourceTitle "BritBase"]
[Source "John Saunders"]
[SourceDate "2023.12.16"]
[SourceVersion "1"]
[SourceVersionDate "2023.12.16"]
[SourceQuality "1"]

1. e4 c5 2. Nf3 Nc6 3. d4 cxd4 4. Nxd4 Nf6 5. Nc3 e5 6. Ndb5 Bb4 7. Bc4 d6 8.
a3 Bxc3+ 9. bxc3 Ke7 10. a4 Bg4 11. f3 Be6 12. Bxe6 Kxe6 13. Ba3 d5 14. O-O
dxe4 15. fxe4 Qb6+ 16. Kh1 Rhd8 17. Rxf6+ Kxf6 18. Qf3+ {Sources: CHESS,
January 1973, Vol.38/665-6, p119; Coventry Evening Telegraph, 14 April 1973}
1-0

[Event "Islington op 8th Evening Standard"]
[Site "London"]
[Date "1972.12.15"]
[Round "1"]
[White "Mestel, A Jonathan"]
[Black "McFarland, Robert S"]
[Result "1-0"]
[WhiteElo "2256"]
[BlackElo "2200"]
[PlyCount "73"]
[EventDate "1972.12.15"]
[EventType "swiss"]
[EventRounds "6"]
[EventCountry "ENG"]
[SourceTitle "BritBase"]
[Source "John Saunders"]
[SourceDate "2023.12.16"]
[SourceVersion "1"]
[SourceVersionDate "2023.12.16"]
[SourceQuality "1"]

1. e4 d6 2. d4 Nf6 3. Nc3 g6 4. Bg5 Bg7 5. f4 h6 6. Bh4 Na6 7. Be2 c5 8. e5 Nh7
9. Nf3 cxd4 10. Qxd4 O-O 11. O-O-O Re8 12. Bc4 Bg4 13. Qe4 Bf5 14. Qe2 Qc8 15.
Rhe1 Nc7 16. h3 Nf8 17. g4 Be6 18. Bd3 dxe5 19. Nxe5 a6 20. Rf1 Nd7 21. Nxg6
fxg6 22. Bxg6 Nf8 23. Bxe8 Qxe8 24. f5 Bxc3 25. bxc3 Bxa2 26. Qxe7 Qxe7 27.
Bxe7 Nd5 28. Bxf8 Kxf8 29. Rfe1 Nxc3 30. Rd7 b5 31. Rh7 Bg8 32. Rxh6 a5 33. g5
a4 34. Rf6+ Bf7 35. g6 a3 36. Rxf7+ Kg8 37. f6 1-0

[Event "Islington op 8th Evening Standard"]
[Site "London"]
[Date "1972.12.15"]
[Round "1"]
[White "Osmond, MD"]
[Black "Wicker, Kevin J"]
[Result "1/2-1/2"]
[WhiteElo "2056"]
[BlackElo "2128"]
[PlyCount "109"]
[EventDate "1972.12.15"]
[EventType "swiss"]
[EventRounds "6"]
[EventCountry "ENG"]
[SourceTitle "BritBase"]
[Source "John Saunders"]
[SourceDate "2023.12.16"]
[SourceVersion "1"]
[SourceVersionDate "2023.12.16"]
[SourceQuality "1"]

1. d4 Nf6 2. c4 g6 3. Nc3 Bg7 4. e4 O-O 5. f3 c5 6. Nge2 cxd4 7. Nxd4 Nc6 8.
Be3 Qb6 9. Qd2 Nxd4 10. Bxd4 Nxe4 11. Bxb6 Bxc3 12. bxc3 Nxd2 13. Bd4 Nxf1 14.
Kxf1 b6 15. c5 bxc5 16. Bxc5 d6 17. Be3 Be6 18. Ke2 Rfc8 19. Kd2 Rc7 20. Rhc1
f6 21. a4 Kf7 22. a5 g5 23. Ra4 Rac8 24. Rb4 h5 25. h4 g4 26. f4 Bd5 27. g3 e5
28. Rb5 Bc4 29. Rb4 Ke6 30. Rcb1 Bd5 31. Rc1 Bf3 32. Rc2 d5 33. fxe5 fxe5 34.
Rcb2 Rxc3 35. Bxa7 Ra3 36. Rb6+ Kf5 37. Rh6 Rxa5 38. Rxh5+ Ke4 39. Rb4+ Rc4 40.
Rxc4+ dxc4 41. Bb6 Rb5 42. Ba7 Rb3 43. Bc5 Rd3+ 44. Kc1 Be2 45. Bb6 Rxg3 46.
Rxe5+ Kd3 47. Rd5+ Kc3 48. Bd4+ Kb3 49. Rb5+ Ka4 50. Rb8 Rh3 51. Rh8 Rh1+ 52.
Kd2 Bf3 53. Be5 Kb4 54. h5 g3 55. Rb8+ 1/2-1/2

[Event "Islington op 8th Evening Standard"]
[Site "London"]
[Date "1972.12.15"]
[Round "1"]
[White "Rumens, David E"]
[Black "Sherman, David"]
[Result "0-1"]
[WhiteElo "2200"]
[BlackElo "2200"]
[PlyCount "64"]
[EventDate "1972.12.15"]
[EventType "swiss"]
[EventRounds "6"]
[EventCountry "ENG"]
[SourceTitle "BritBase"]
[Source "John Saunders"]
[SourceDate "2023.12.16"]
[SourceVersion "1"]
[SourceVersionDate "2023.12.16"]
[SourceQuality "1"]

1. e4 d6 2. Nc3 g6 3. f4 Bg7 4. Nf3 Nf6 5. Be2 O-O 6. O-O c5 7. Qe1 Nc6 8. d3
Nd4 9. Bd1 Bg4 10. Nxd4 cxd4 11. Ne2 Qb6 12. Kh1 Rac8 13. c4 dxc3 14. Nxc3 Bxd1
15. Qxd1 e6 16. Qe2 Nd7 17. Be3 Qa6 18. Qd2 Qa5 19. Rac1 a6 20. f5 d5 21. Bh6
d4 22. Nd5 Qxd2 23. Ne7+ Kh8 24. Bxd2 Rxc1 25. Rxc1 Re8 26. Rc7 Rxe7 27. Bb4
Re8 28. Rxd7 exf5 29. exf5 Bf8 30. Bd2 Re2 31. Rxf7 Rxd2 32. g4 Kg8 0-1

[Event "Islington op 8th Evening Standard"]
[Site "London"]
[Date "1972.12.15"]
[Round "1"]
[White "Saverymuttu, Seth"]
[Black "Brilliant, Alexander Neil"]
[Result "1/2-1/2"]
[WhiteElo "2344"]
[BlackElo "2120"]
[PlyCount "69"]
[EventDate "1972.12.15"]
[EventType "swiss"]
[EventRounds "6"]
[EventCountry "ENG"]
[SourceTitle "BritBase"]
[Source "John Saunders"]
[SourceDate "2023.12.16"]
[SourceVersion "1"]
[SourceVersionDate "2023.12.16"]
[SourceQuality "1"]

1. e4 c5 2. Nf3 Nc6 3. d4 cxd4 4. Nxd4 Nf6 5. Nc3 d6 6. Bc4 e6 7. Be3 Qc7 8.
Qe2 a6 9. O-O-O Na5 10. Bd3 b5 11. a3 Be7 12. g4 Bb7 13. g5 Nd7 14. f4 Nb6 15.
f5 e5 16. Bxb5+ axb5 17. Ndxb5 Qc6 18. f6 gxf6 19. gxf6 Bf8 20. Bxb6 Qxb6 21.
b4 Rc8 22. bxa5 Qxa5 23. Qd3 Rxc3 24. Nxc3 Ba6 25. Qh3 Bh6+ 26. Kb2 Qb6+ 27.
Ka1 Qc5 28. Na2 O-O 29. Qc3 Qxc3+ 30. Nxc3 Be3 31. Nd5 Bc5 32. a4 Bc4 33. Rb1
Ra8 34. Rb7 Bd4+ 35. Kb1 1/2-1/2

[Event "Islington op 8th Evening Standard"]
[Site "London"]
[Date "1972.12.15"]
[Round "1"]
[White "Thrower, Sean"]
[Black "Kerr, G"]
[Result "0-1"]
[WhiteElo "2136"]
[BlackElo "2160"]
[PlyCount "58"]
[EventDate "1972.12.15"]
[EventType "swiss"]
[EventRounds "6"]
[EventCountry "ENG"]
[SourceTitle "BritBase"]
[Source "John Saunders"]
[SourceDate "2023.12.16"]
[SourceVersion "1"]
[SourceVersionDate "2023.12.16"]
[SourceQuality "1"]

1. c4 Nf6 2. Nc3 g6 3. e4 d6 4. d4 Bg7 5. Be2 O-O 6. g4 c5 7. d5 a6 8. h4 b5 9.
g5 Ne8 10. Qc2 bxc4 11. Nh3 Nd7 12. Bd2 Nb6 13. O-O-O Nc7 14. Na4 Nxa4 15. Qxa4
Bd7 16. Qc2 Nb5 17. Bxc4 Nd4 18. Qd3 Bg4 19. Rde1 Nf3 20. Re3 Nxd2 21. Qxd2 Rb8
22. Rb3 Rxb3 23. axb3 Bxh3 24. Rxh3 a5 25. h5 Qd7 26. Rh1 a4 27. f4 axb3 28.
Bxb3 Rb8 29. Qe3 Qb5 0-1

[Event "Islington op 8th Evening Standard"]
[Site "London"]
[Date "1972.12.15"]
[Round "1"]
[White "Wade, Philip V"]
[Black "Carpinter, Bernard Alan"]
[Result "1-0"]
[WhiteElo "2152"]
[BlackElo "2080"]
[PlyCount "61"]
[EventDate "1972.12.15"]
[EventType "swiss"]
[EventRounds "6"]
[EventCountry "ENG"]
[SourceTitle "BritBase"]
[Source "John Saunders"]
[SourceDate "2023.12.16"]
[SourceVersion "1"]
[SourceVersionDate "2023.12.16"]
[SourceQuality "1"]

1. e4 c5 2. Nf3 d6 3. d4 cxd4 4. Nxd4 Nf6 5. Nc3 Nc6 6. Bc4 Qb6 7. Nb3 e6 8.
Bg5 Bd7 9. O-O Be7 10. Kh1 Na5 11. Bd3 O-O 12. f4 Nxb3 13. axb3 Qc5 14. b4 Qc8
15. e5 dxe5 16. fxe5 Nd5 17. Bxe7 Nxe7 18. Qh5 g6 19. Qh6 Kh8 20. Ne4 Ng8 21.
Qh4 Be8 22. Ng5 h6 23. Ne4 Qc7 24. Qg3 a6 25. Rae1 Rd8 26. Nd6 Ne7 27. Qh4 Kg7
28. Qf6+ Kh7 29. Re3 Nf5 30. Bxf5 exf5 31. Nxf5 1-0

[Event "Islington op 8th Evening Standard"]
[Site "London"]
[Date "1972.12.16"]
[Round "2"]
[White "Antunac, Goran"]
[Black "Hutchinson, Norman A"]
[Result "1-0"]
[WhiteElo "2430"]
[BlackElo "2120"]
[PlyCount "73"]
[EventDate "1972.12.15"]
[EventType "swiss"]
[EventRounds "6"]
[EventCountry "ENG"]
[SourceTitle "BritBase"]
[Source "John Saunders"]
[SourceDate "2023.12.16"]
[SourceVersion "1"]
[SourceVersionDate "2023.12.16"]
[SourceQuality "1"]

1. d4 Nf6 2. c4 e6 3. Nc3 Bb4 4. Qc2 c5 5. dxc5 Na6 6. Nf3 O-O 7. Bd2 Bxc5 8.
a3 d5 9. e3 Nc7 10. cxd5 exd5 11. Na4 Bd6 12. Bd3 Bg4 13. Nd4 Ne6 14. Nxe6 fxe6
15. h3 Bh5 16. Bb4 Rc8 17. Qb3 Ne8 18. O-O Bf3 19. Rfc1 Qg5 20. Bf1 Rxc1 21.
Rxc1 Be4 22. Nc3 Qe5 23. f4 Qf5 24. g4 Qg6 25. Nxe4 Qxe4 26. Bg2 Qg6 27. Rc8
Bxb4 28. Qxb4 Qd3 29. Qe7 Qxe3+ 30. Kh1 Qxf4 31. Qxe6+ Kh8 32. Rxe8 d4 33.
Rxf8+ Qxf8 34. Qd5 Qf6 35. Qxb7 Qd8 36. Qa8 Qxa8 37. Bxa8 1-0

[Event "Islington op 8th Evening Standard"]
[Site "London"]
[Date "1972.12.16"]
[Round "2"]
[White "Belt, M"]
[Black "Emsley, James Stuart"]
[Result "0-1"]
[WhiteElo "1800"]
[BlackElo "2152"]
[PlyCount "52"]
[EventDate "1972.12.15"]
[EventType "swiss"]
[EventRounds "6"]
[EventCountry "ENG"]
[SourceTitle "BritBase"]
[Source "John Saunders"]
[SourceDate "2023.12.16"]
[SourceVersion "1"]
[SourceVersionDate "2023.12.16"]
[SourceQuality "1"]

1. d4 Nf6 2. c4 c5 3. d5 e5 4. Nc3 d6 5. e4 g6 6. Bd3 a6 7. Nge2 Bg7 8. O-O
Nbd7 9. f4 exf4 10. Bxf4 Qe7 11. Ng3 Ne5 12. Bxe5 Qxe5 13. Qd2 h5 14. Qf2 O-O
15. h3 Nd7 16. Rad1 Qg5 17. Qf4 Bd4+ 18. Kh1 Qe7 19. Be2 Be5 20. Qf3 Qh4 21.
Kg1 Nf6 22. Rd3 Qg5 23. Kh1 h4 24. Kg1 Nh5 25. Nd1 Nf4 26. Rb3 Nxh3+ 0-1

[Event "Islington op 8th Evening Standard"]
[Site "London"]
[Date "1972.12.16"]
[Round "2"]
[White "Botterill, George Steven"]
[Black "Wade, Philip V"]
[Result "1-0"]
[WhiteElo "2440"]
[BlackElo "2152"]
[PlyCount "59"]
[EventDate "1972.12.15"]
[EventType "swiss"]
[EventRounds "6"]
[EventCountry "ENG"]
[SourceTitle "BritBase"]
[Source "John Saunders"]
[SourceDate "2023.12.16"]
[SourceVersion "1"]
[SourceVersionDate "2023.12.16"]
[SourceQuality "1"]

1. e4 e5 2. Nf3 Nc6 3. d4 exd4 4. Nxd4 Qh4 5. Nc3 Bb4 6. Ndb5 Ba5 7. Be3 Nf6 8.
Bd3 Ng4 9. Qd2 Nxe3 10. Qxe3 Bb6 11. Qg3 Qxg3 12. hxg3 a6 13. Na3 Nb4 14. Nc4
Ba7 15. Nd5 Nxd5 16. exd5 b5 17. Ne3 g6 18. a4 b4 19. Rh4 Rb8 20. O-O-O Kf8 21.
a5 Kg7 22. Rc4 Rb5 23. Rxc7 Bxe3+ 24. fxe3 Rxd5 25. Rf1 Rxa5 26. Rf4 Rf8 27.
Rxb4 d5 28. Kb1 Re8 29. Rb8 Rxe3 30. b4 1-0

[Event "Islington op 8th Evening Standard"]
[Site "London"]
[Date "1972.12.16"]
[Round "2"]
[White "Burton, Graham P"]
[Black "Basman, Michael John"]
[Result "0-1"]
[WhiteElo "2232"]
[BlackElo "2328"]
[PlyCount "78"]
[EventDate "1972.12.15"]
[EventType "swiss"]
[EventRounds "6"]
[EventCountry "ENG"]
[SourceTitle "BritBase"]
[Source "John Saunders"]
[SourceDate "2023.12.16"]
[SourceVersion "1"]
[SourceVersionDate "2023.12.16"]
[SourceQuality "1"]

1. e4 e6 2. d4 d5 3. e5 Bd7 4. Nf3 a6 5. a4 c5 6. Bd3 Nc6 7. O-O Qc7 8. Bf4 c4
9. Be2 f5 10. Nc3 Nge7 11. Bg3 Qb6 12. Qd2 Ng6 13. h4 Bb4 14. h5 Nge7 15. Bh4
h6 16. a5 Nxa5 17. Bxe7 Bxe7 18. Nxd5 exd5 19. Qxa5 Qxa5 20. Rxa5 Be6 21. c3
O-O-O 22. Ne1 Rd7 23. f4 Bd8 24. Ra1 a5 25. Nc2 Rg8 26. Ne3 g6 27. hxg6 Rxg6
28. Bf3 b5 29. Kf2 b4 30. Rg1 Rb7 31. Ra2 Rb5 32. Bh5 Rg8 33. g4 fxg4 34. f5
g3+ 35. Ke2 Rg5 36. fxe6 Rxh5 37. Rxg3 Bg5 38. Kf3 Rh4 39. Rg4 Rh3+ 0-1

[Event "Islington op 8th Evening Standard"]
[Site "London"]
[Date "1972.12.15"]
[Round "2"]
[White "Century, Jonathan Isaac"]
[Black "Morley, Andrew J"]
[Result "1/2-1/2"]
[WhiteElo "2280"]
[BlackElo "2088"]
[PlyCount "76"]
[EventDate "1972.12.15"]
[EventType "swiss"]
[EventRounds "6"]
[EventCountry "ENG"]
[SourceTitle "BritBase"]
[Source "John Saunders"]
[SourceDate "2023.12.16"]
[SourceVersion "1"]
[SourceVersionDate "2023.12.16"]
[SourceQuality "1"]

1. b3 d6 2. Bb2 Nf6 3. g3 c5 4. Bg2 g6 5. e4 Bg7 6. Nc3 O-O 7. Nge2 Nc6 8. O-O
Bd7 9. Nd5 Nxd5 10. Bxg7 Ne3 11. fxe3 Kxg7 12. Nf4 Ne5 13. d4 Nc6 14. Kh1 e5
15. dxe5 dxe5 16. Nd5 Qg5 17. Nf6 Be6 18. Qe1 h5 19. Qf2 Rad8 20. h4 Qh6 21.
Qe2 a6 22. Rf2 Kh8 23. Raf1 Rd6 24. Nd5 b5 25. Kh2 Qg7 26. Nc7 Bg4 27. Bf3 Bc8
28. Nd5 Nb8 29. Bg2 Nd7 30. c4 b4 31. Rf3 Nb6 32. Nxb6 Rxb6 33. Qd2 f6 34. Qd5
Qe7 35. Qd2 Rd6 36. Qc2 Rfd8 37. R3f2 Bb7 38. Re2 Qd7 1/2-1/2